| 000 | 00897nam a2200325 a 4500 | ||
|---|---|---|---|
| 003 | AR-BaBNM | ||
| 005 | 20251128203141.0 | ||
| 008 | 082120s2002 ||||||||||||||000 | spa|| | ||
| 040 | _cAR-BaBNM | ||
| 100 | 1 | _aTocqueville, Alexis de | |
| 245 | 0 | 0 | _aLa democracia en América |
| 260 |
_aMadrid _bEdiciones Guadarrama _c1969 |
||
| 300 | _a389 p. | ||
| 490 | 0 |
_aUniversitaria de Bolsillo. Punto Omega _vv. 74 |
|
| 500 | _aContiene referencia a la obra del autor | ||
| 650 | 4 | _aESTADO | |
| 650 | 4 | _aGOBIERNO | |
| 650 | 4 | _aCONSTITUCIONES | |
| 650 | 4 | _aSISTEMAS POLITICOS | |
| 650 | 4 | _aSOBERANIA | |
| 650 | 4 | _aDERECHOS DE LOS ESTADOS | |
| 650 | 4 | _aPODER EJECUTIVO | |
| 650 | 4 | _aPODER LEGISLATIVO | |
| 650 | 4 | _aPODER JUDICIAL | |
| 651 | 4 | _aEstados Unidos | |
| 700 | 1 |
_aMayer, J.P. _eprologuista |
|
| 700 | 1 |
_aArroita-Jauregui, Marcelo _etraductor |
|
| 942 | _cBK | ||
| 998 | _cSILVI | ||
| 999 |
_c2145 _d2145 |
||